Maisy's Christmas tree / (Record no. 2448)

MARC details
000 -LEADER
fixed length control field 01428cam a22004457i 4500
001 - CONTROL NUMBER
control field 2448
003 - CONTROL NUMBER IDENTIFIER
control field FISKH
005 - DATE AND TIME OF LATEST TRANSACTION
control field 20231208123309.0
008 - FIXED-LENGTH DATA ELEMENTS--GENERAL INFORMATION
fixed length control field 131024s2014 maua j 000 1 eng d
010 ## - LIBRARY OF CONGRESS CONTROL NUMBER
LC control number 2013953535
020 ## - INTERNATIONAL STANDARD BOOK NUMBER
International Standard Book Number 9780763674571
020 ## - INTERNATIONAL STANDARD BOOK NUMBER
International Standard Book Number 0763674575
020 ## - INTERNATIONAL STANDARD BOOK NUMBER
International Standard Book Number 9781406356267
035 ## - SYSTEM CONTROL NUMBER
System control number (OCoLC)ocn869771053
040 ## - CATALOGING SOURCE
Original cataloging agency BTCTA
Language of cataloging eng
Transcribing agency BTCTA
Modifying agency BDX
Description conventions rda
Modifying agency SINLB
-- OCLCO
-- DLC
042 ## - AUTHENTICATION CODE
Authentication code lccopycat
050 00 - LIBRARY OF CONGRESS CALL NUMBER
Classification number PZ7.C83175
Item number Maiz 2014
082 04 - DEWEY DECIMAL CLASSIFICATION NUMBER
Classification number [E]
Edition number 23
100 1# - MAIN ENTRY--PERSONAL NAME
Personal name Cousins, Lucy,
Relator term author,
-- illustrator.
245 10 - TITLE STATEMENT
Title Maisy's Christmas tree /
Statement of responsibility, etc. Lucy Cousins.
260 ## - PUBLICATION, DISTRIBUTION, ETC.
Place of publication, distribution, etc. London :
Name of publisher, distributor, etc. Walker Books,
Date of publication, distribution, etc. 2014.
300 ## - PHYSICAL DESCRIPTION
Extent 14 unnumbered pages :
Other physical details color illustrations ;
Dimensions 18 cm
336 ## - CONTENT TYPE
Content type term text
Source rdacontent
336 ## - CONTENT TYPE
Content type term still image
Source rdacontent
337 ## - MEDIA TYPE
Media type term unmediated
Source rdamedia
338 ## - CARRIER TYPE
Carrier type term volume
Source rdacarrier
505 ## - FORMATTED CONTENTS NOTE
Formatted contents note E<br/>
520 ## - SUMMARY, ETC.
Summary, etc. It's time for Maisy and her friends to decorate the Christmas tree, including stringing lights, hanging ornaments, and placing presents under the tree.
521 1# - TARGET AUDIENCE NOTE
Target audience note 210<br/>
Source Lexile <br/>
521 1# - TARGET AUDIENCE NOTE
Target audience note E<br/>
Source Raz-Plus<br/>
650 #0 - SUBJECT ADDED ENTRY--TOPICAL TERM
Topical term or geographic name entry element Board books.
650 #1 - SUBJECT ADDED ENTRY--TOPICAL TERM
Topical term or geographic name entry element Christmas trees
Form subdivision Fiction.
650 #1 - SUBJECT ADDED ENTRY--TOPICAL TERM
Topical term or geographic name entry element Christmas decorations
Form subdivision Fiction.
650 #1 - SUBJECT ADDED ENTRY--TOPICAL TERM
Topical term or geographic name entry element Holidays
Form subdivision Fiction.
650 #1 - SUBJECT ADDED ENTRY--TOPICAL TERM
Topical term or geographic name entry element Mice
Form subdivision Fiction.
650 #1 - SUBJECT ADDED ENTRY--TOPICAL TERM
Topical term or geographic name entry element Animals
Form subdivision Fiction.
650 #1 - SUBJECT ADDED ENTRY--TOPICAL TERM
Topical term or geographic name entry element Board books.
906 ## - LOCAL DATA ELEMENT F, LDF (RLIN)
a 7
b cbc
c copycat
d 2
e ncip
f 20
g y-gencatlg
942 ## - ADDED ENTRY ELEMENTS (KOHA)
Source of classification or shelving scheme Dewey Decimal Classification
Koha item type Books
Suppress in OPAC No
Holdings
Withdrawn status Lost status Source of classification or shelving scheme Damaged status Not for loan Collection Home library Current library Shelving location Date acquired Total Checkouts Full call number Barcode Date last seen Date last checked out Price effective from Koha item type
    Dewey Decimal Classification     Juvenile Fiction Footprints International School Library Network Toul Kork Campus Footprints International School Library Network Toul Kork Campus TK Display Shelf (4th Floor) 12/08/2023 1 COU 813.6 PZ7.C83175 2023-0764 06/07/2024 12/14/2023 12/08/2023 Books